Európske taktické lietadlá Jaguar 2. časť

Bibliographic Details
Main Authors: Szabo, Stanislav, 1970- (Author), Stolár, Michal (Author)
Format: Article
Language:Slovak
PhysicalDescription:Fotogr.
ISSN:1335-0463
Subjects:

MARC

LEADER 00000nab a2200000 a 4500
001 vtls000688102
003 SK-MaSNL
005 20260304095747.0
008 250425c1998 xo 0 slo
015 |a SNBRB1999/03-07580 
035 |a CLN000040269 
035 |a urn:nbn:sk:snk-abiry 
035 |a (urnnbn)urn:nbn:sk:snk:ar-005193 
035 |a (uuid)16806a18-c6bf-410a-bcbe-350737ad9a45 
040 |a SNKBUCL  |b slo  |c SNKBUCL  |e AACR2 
041 0 |a slo 
044 |a xo  |c SK 
080 |a 623.746  |2 1997 
080 |a 629.735.3  |2 1997 
100 1 |a Szabo, Stanislav,  |d 1970-  |4 aut  |9 132391 
245 1 0 |a Európske taktické lietadlá  |b Jaguar  |n 2. časť  |c Stanislav Szabo, Michal Stolár 
300 |b Fotogr. 
504 |a Bibliogr. odkazy 
650 0 7 |a Jaguar (lietadlá)  |x parametre technické  |2 snkbucl  |9 1376790 
650 0 7 |a vojenské lietadlá  |2 snkbucl  |9 68558 
655 7 |a články z novín a časopisov  |2 snkbucl  |9 267496 
700 1 |a Stolár, Michal  |4 aut  |9 12905 
773 0 |t Apológia  |g Roč. 6, č. 12 (1998), s. 18-20  |x 1335-0463 
850 |a Slovenská národná knižnica 
852 |a Slovenská národná knižnica 
954 |a odborná, vedecká literatúra pôvodná (slovenská)  |2 lita 
958 |a article2022 
958 |a NB 
958 |a OND 
958 |a EUIPO 
992 |a RBX 
999 |c 2834266  |d 2836196